| 000 | 00675nam a2200193 i 4500 | ||
|---|---|---|---|
| 001 | 20748 | ||
| 003 | ES-MaACL | ||
| 005 | 20250809035823.0 | ||
| 007 | t| | ||
| 008 | 021118m1886 it 1887 |||| | fre d | ||
| 111 | 2 |
_aCongreso Penitenciario Internacional ( _d1885. _cRoma) _9167043 |
|
| 245 | 1 | 0 |
_aActes du Congres Penitentiaire International _b: Rome, novembre 1886. |
| 260 |
_aRome : _b[s.n.], _c1886-1887 ( _fImp. Mautellare) |
||
| 300 |
_a6 v. ; _c23 cm. |
||
| 650 | 4 |
_aEstablecimientos penitenciarios- _vCongresos y asambleas. _9163123 |
|
| 650 | 7 |
_aDerecho penitenciario _2embne _9188563 |
|
| 852 |
_aES-MaACL _jD-155-60 _z. - Donativo Lastres |
||
| 999 |
_c20748 _d20748 |
||